Berlínsky Grüne Woche ukázal slovenským potravinárom spôsob, ako viesť dialóg s konzumentmi

Informácia o slovenskej účasti na jubilejnom 60. ročníku medzinárodného potravinárskeho a poľnohospodárskeho veľtrhu v januári 1995. Poľnohospodárska politika Európskej únie. Poľnohospodárske fórum Východ - Západ.

Gespeichert in:
Bibliographische Detailangaben
1. Verfasser: Janků, Jaroslav
Format: Buchkapitel
Sprache:Slowakisch
Schlagworte:
Tags: Tag hinzufügen
Keine Tags, Fügen Sie das erste Tag hinzu!

MARC

LEADER 00000naa a2200000 4500
001 r016808
005 20221213100722.7
041 0 |a slo 
044 |a SK 
245 1 0 |a Berlínsky Grüne Woche ukázal slovenským potravinárom spôsob, ako viesť dialóg s konzumentmi  |c Jaroslav Janků 
520 |a Informácia o slovenskej účasti na jubilejnom 60. ročníku medzinárodného potravinárskeho a poľnohospodárskeho veľtrhu v januári 1995. Poľnohospodárska politika Európskej únie. Poľnohospodárske fórum Východ - Západ. 
610 2 0 |a poľnohospodárstvo 
610 2 0 |a potravinárstvo 
610 2 0 |a veľtrhy 
610 2 0 |a Berlín 
610 2 0 |a 1995 
610 2 0 |a január 
610 2 0 |a Európska únia 
610 2 0 |a Grüne Woche Berlin 
610 2 0 |a východná Európa 
610 2 0 |a stredná Európa 
100 1 |a Janků, Jaroslav